[Event "BEM2013 der Damen"]
[Site "Westerndorf St. Peter / Rosen"]
[Date "2013.08.25"]
[Round "1.1"]
[White "Horstmann, Astrid"]
[Black "Billing, Kerstin"]
[Result "1-0"]
[WhiteElo "1949"]
[BlackElo "1714"]
[PlyCount "57"]
[EventDate "2013.??.??"]
[WhiteTeam "SC Bechhofen 1923 e.V."]
[BlackTeam "SC Schwabmünchen"]

1. c4 e5 2. Nc3 d6 3. g3 Be7 4. Bg2 c6 5. d3 f5 6. e4 fxe4 7. dxe4 Nf6 8. Nge2
O-O 9. O-O Be6 10. b3 Nbd7 11. Ba3 Qc7 12. h3 Rf7 13. Qd2 Raf8 14. f4 Nc5 15.
Qe3 exf4 16. Nxf4 g5 17. Nxe6 Nxe6 18. Rad1 c5 19. Nb5 Qb6 20. Bb2 a6 21. Nxd6
Bxd6 22. e5 Bxe5 23. Qxe5 Ng7 24. Rd6 Qxd6 25. Qxd6 Ne4 26. Qd5 Nxg3 27. Rxf7
Ne2+ 28. Kh2 Nf4 29. Rxg7+ 1-0

[Event "BEM2013 der Damen"]
[Site "Westerndorf St. Peter / Rosen"]
[Date "2013.08.25"]
[Round "1.2"]
[White "Milak, Adela"]
[Black "Zwetz, Anita"]
[Result "0-1"]
[WhiteElo "1666"]
[BlackElo "1890"]
[PlyCount "138"]
[EventDate "2013.??.??"]
[WhiteTeam "SC Haar 1931"]
[BlackTeam "TSV Kareth-Lappersdorf"]

1. e4 e6 2. Nf3 d5 3. exd5 exd5 4. d4 c5 5. c3 cxd4 6. cxd4 Bd6 7. g3 Ne7 8.
Bg2 Nbc6 9. O-O O-O 10. Nc3 Qb6 11. Qd3 a6 12. Re1 Bf5 13. Qd1 Nb4 14. Re2 Rfe8
15. a3 Nbc6 16. Be3 Qd8 17. Ng5 h6 18. Nf3 Bc7 19. Qd2 Ng6 20. Ne1 Be6 21. Nd3
Na5 22. Qc2 Nc4 23. Rae1 Nxe3 24. Rxe3 Ne7 25. Nb4 Bb6 26. Qd2 Nf5 27. Rd3 Ne7
28. Rde3 Nf5 29. Rd3 Ne7 30. Nc2 Qd7 31. Ne2 Bf5 32. Re3 Nc6 33. Nb4 Rxe3 34.
fxe3 Be4 35. Bxe4 dxe4 36. Nc2 Ne7 37. Nf4 f5 38. Qc3 Rc8 39. Qb3+ Kh7 40. Qxb6
Rxc2 41. Rf1 Rc6 42. Qb3 b5 43. d5 Rd6 44. Rd1 Qb7 45. a4 b4 46. Rd2 a5 47. Qc4
Qb6 48. Rd4 Rd8 49. Qe2 Rd6 50. h3 g5 51. Ne6 Rxd5 52. Nxg5+ hxg5 53. Qh5+ Qh6
54. Qf7+ Qg7 55. Qh5+ Kg8 56. Qe8+ Qf8 57. Qh5 Rxd4 58. Qxg5+ Qg7 59. Qxg7+
Kxg7 60. exd4 Kf6 61. Kf2 Nd5 62. h4 b3 63. Ke2 Nb6 64. Kd2 Nxa4 65. Ke3 Nxb2
66. d5 Nc4+ 67. Kd4 Nd6 68. Kc3 a4 69. Kb2 e3 0-1

[Event "BEM2013 der Damen"]
[Site "Westerndorf St. Peter / Rosen"]
[Date "2013.08.25"]
[Round "1.3"]
[White "Lorenz, Oda"]
[Black "Müller, Liliane"]
[Result "1/2-1/2"]
[WhiteElo "1872"]
[BlackElo "1661"]
[PlyCount "94"]
[EventDate "2013.??.??"]
[WhiteTeam "Schachges. Augsburg 1873"]
[BlackTeam "1.Schachklub Neuperlach e.V."]

1. e4 e6 2. d4 d5 3. exd5 exd5 4. c4 Nf6 5. Nc3 Be7 6. cxd5 Nxd5 7. Bc4 c6 8.
Nge2 O-O 9. O-O Nb6 10. Bb3 N8d7 11. Bf4 Nf6 12. Qd3 Nbd5 13. Be5 Be6 14. Rac1
Nb4 15. Qd1 Bxb3 16. Qxb3 Qd7 17. a3 Nfd5 18. h3 a5 19. Nxd5 Nxd5 20. Qg3 f6
21. Bf4 Nxf4 22. Nxf4 a4 23. Nh5 Bd6 24. Qc3 Qf7 25. Ng3 f5 26. Rfe1 Bc7 27.
Qc4 Qxc4 28. Rxc4 Bxg3 29. fxg3 Rf7 30. Kf2 Rd7 31. Re5 g6 32. Ke3 Kf7 33. g4
fxg4 34. hxg4 Re7 35. Ke4 Rxe5+ 36. dxe5 Ke6 37. Rb4 Ra5 38. Rxb7 Rxe5+ 39. Kf3
Rb5 40. Ra7 Rxb2 41. Rxa4 c5 42. Ke4 Rxg2 43. Ra6+ Kd7 44. Kd5 Kc7 45. Kxc5 Kb7
46. Rb6+ Ka7 47. Rb4 h5 1/2-1/2

[Event "BEM2013 der Damen"]
[Site "Westerndorf St. Peter / Rosen"]
[Date "2013.08.25"]
[Round "1.4"]
[White "Weiß, Monika"]
[Black "Zabarska, Natalia"]
[Result "1/2-1/2"]
[WhiteElo "1661"]
[BlackElo "1836"]
[PlyCount "43"]
[EventDate "2013.??.??"]
[WhiteTeam "SC Bavaria Regensb.1881"]
[BlackTeam "Spvg Zabo-Eintracht Nürnberg e.V"]

1. e4 e6 2. d4 d5 3. e5 c5 4. Nf3 Nc6 5. c3 Qb6 6. Bd3 cxd4 7. cxd4 Bd7 8. Bc2
h6 9. a3 Nge7 10. Nc3 Nf5 11. Bxf5 exf5 12. Nxd5 Qa5+ 13. Nc3 Be6 14. O-O Rd8
15. Be3 Be7 16. b4 Qc7 17. Qc2 f4 18. Bxf4 Nxd4 19. Nxd4 Rxd4 20. Bg3 Rc4 21.
Rac1 O-O 22. f4 1/2-1/2

[Event "BEM2013 der Damen"]
[Site "Westerndorf St. Peter / Rosen"]
[Date "2013.08.25"]
[Round "1.5"]
[White "Gremer, Kathrin"]
[Black "Stegmaier, Erika"]
[Result "1/2-1/2"]
[WhiteElo "1781"]
[BlackElo "1529"]
[PlyCount "110"]
[EventDate "2013.??.??"]
[WhiteTeam "SC Steinwiesen"]
[BlackTeam "1.Schachklub Neuperlach e.V."]

1. e4 c5 2. Nc3 e6 3. f4 Nc6 4. Nf3 d6 5. Bb5 Bd7 6. Bxc6 Bxc6 7. O-O Be7 8. d3
Nf6 9. Qe1 O-O 10. Qg3 h6 11. f5 exf5 12. exf5 Kh8 13. Bd2 a6 14. Qh3 Nh7 15.
Rad1 Bg5 16. Nxg5 Nxg5 17. Qh5 Qf6 18. Rf4 Rae8 19. Rdf1 Re5 20. Rg4 Kg8 21. h4
Rxf5 22. Rxf5 Qxf5 23. hxg5 g6 24. Rf4 Qxf4 25. Bxf4 gxh5 26. gxh6 Kh7 27. g3
Re8 28. Bxd6 Kxh6 29. Bxc5 Kg5 30. Kf2 f5 31. Ne2 Kg4 32. Bd6 Bf3 33. Nd4 Bd1
34. Bc5 Re5 35. Bb6 Rb5 36. Nxb5 axb5 37. c3 Bf3 38. b3 Bd5 39. c4 bxc4 40.
bxc4 Bc6 41. d4 f4 42. gxf4 Kxf4 43. Bc7+ Ke4 44. Be5 b6 45. Ke2 h4 46. Kd2 b5
47. cxb5 Bxb5 48. Kc3 Kd5 49. Kb4 Kc6 50. a4 Be2 51. a5 Kb7 52. d5 Bg4 53. d6
h3 54. Kc5 Be6 55. Bh2 Bd7 1/2-1/2

[Event "BEM2013 der Damen"]
[Site "Westerndorf St. Peter / Rosen"]
[Date "2013.08.25"]
[Round "1.6"]
[White "Homfeldt, Claudia Laura"]
[Black "Roos, Karin"]
[Result "0-1"]
[WhiteElo "1434"]
[BlackElo "1775"]
[PlyCount "84"]
[EventDate "2013.??.??"]
[WhiteTeam "SC Noris-Tarrasch Nürnberg 1873"]
[BlackTeam "FC Bayern München e.V."]

1. e4 d5 2. exd5 Nf6 3. Nc3 Nxd5 4. Nf3 Bf5 5. Bc4 c6 6. h3 e6 7. a3 Be7 8. d3
O-O 9. O-O Nd7 10. Rb1 Rc8 11. Qd2 Re8 12. Qd1 Nxc3 13. bxc3 b5 14. Ba2 Qa5 15.
Rb3 Nc5 16. Rb4 Na4 17. Rxa4 Qxa4 18. c4 Bxa3 19. Bb3 Qb4 20. Bd2 Qe7 21. cxb5
cxb5 22. Nd4 Qc5 23. Be3 Qe5 24. Nf3 Qf6 25. Bd4 Qe7 26. Ne5 a5 27. c4 f6 28.
Nf3 bxc4 29. dxc4 Bc5 30. Ba4 Red8 31. Qa1 Bxd4 32. Nxd4 Bd3 33. Rd1 Bxc4 34.
Bc2 e5 35. Nf5 Rxd1+ 36. Bxd1 Qb4 37. Qc1 Be6 38. Qe3 Bxf5 39. Bb3+ Kf8 40. Kh2
Qf4+ 41. g3 Qxe3 42. fxe3 Rc3 0-1

[Event "BEM2013 der Damen"]
[Site "Westerndorf St. Peter / Rosen"]
[Date "2013.08.25"]
[Round "1.7"]
[White "Hastreiter, Laura"]
[Black "Rascher, Helena"]
[Result "1-0"]
[WhiteElo "1752"]
[BlackElo "1257"]
[PlyCount "60"]
[EventDate "2013.??.??"]
[WhiteTeam "SG Vogtareuth-Prutting"]
[BlackTeam "ASV Martinszell Abteilung Schach"]

1. e4 c5 2. Nf3 d6 3. Nc3 Nf6 4. d4 cxd4 5. Nxd4 a6 6. Be2 e5 7. Nf3 Be7 8. O-O
O-O 9. h3 b5 10. a3 Bb7 11. Qd3 Nbd7 12. Be3 Nxe4 13. Nxe4 f5 14. Nxd6 e4 15.
Qb3+ Kh8 16. Nf7+ Rxf7 17. Qxf7 exf3 18. Bxf3 Bxf3 19. gxf3 Nf6 20. Bf4 Qf8 21.
Qxf8+ Bxf8 22. Rad1 h6 23. Rfe1 Kh7 24. Bd6 Bxd6 25. Rxd6 Ra7 26. Ree6 a5 27.
Re5 Rc7 28. Rd2 Nh5 29. Rxb5 Nf4 30. Kh2 Ra7 1-0

[Event "BEM2013 der Damen"]
[Site "Westerndorf St. Peter / Rosen"]
[Date "2013.08.25"]
[Round "1.8"]
[White "Homfeldt, Maren"]
[Black "Nieberle, Cornelia"]
[Result "0-1"]
[WhiteElo "951"]
[BlackElo "1726"]
[PlyCount "52"]
[EventDate "2013.??.??"]
[WhiteTeam "SC Noris-Tarrasch Nürnberg 1873"]
[BlackTeam "SK Bobingen"]

1. g3 d5 2. Bg2 e5 3. e3 Nf6 4. h3 Nc6 5. a3 Bd6 6. Ne2 O-O 7. d3 Re8 8. Nd2
Bd7 9. b3 e4 10. d4 Ne7 11. Bb2 Ng6 12. Nf4 c6 13. Nxg6 fxg6 14. Qe2 Qe7 15. c4
Rf8 16. c5 Bc7 17. b4 g5 18. Nf1 g4 19. h4 h5 20. Nh2 Nh7 21. O-O Rf7 22. a4 a6
23. a5 Raf8 24. Qd2 g5 25. Rae1 gxh4 26. gxh4 Qxh4 0-1

[Event "BEM2013 der Damen"]
[Site "Westerndorf St. Peter / Rosen"]
[Date "2013.08.26"]
[Round "2.1"]
[White "Roos, Karin"]
[Black "Horstmann, Astrid"]
[Result "0-1"]
[WhiteElo "1775"]
[BlackElo "1949"]
[PlyCount "94"]
[EventDate "2013.??.??"]
[WhiteTeam "FC Bayern München e.V."]
[BlackTeam "SC Bechhofen 1923 e.V."]

1. e4 c5 2. Nf3 g6 3. c3 Bg7 4. d4 cxd4 5. cxd4 d5 6. Nc3 dxe4 7. Nxe4 a6 8.
Bc4 e6 9. O-O Ne7 10. Bg5 O-O 11. Bf6 Nd7 12. Bxg7 Kxg7 13. Qe1 Nb6 14. Bb3
Nbd5 15. Nc3 b5 16. Rc1 Nf6 17. Ne4 Ned5 18. Nc5 Ra7 19. Ng5 Qd6 20. Qe5 Qxe5
21. dxe5 Nd7 22. f4 Nxc5 23. Rxc5 Rd7 24. Ne4 Bb7 25. Nd6 Ba8 26. g3 f6 27.
Rfc1 fxe5 28. fxe5 Kh6 29. Rc8 Rxc8 30. Rxc8 Nb6 31. Bxe6 Re7 32. Re8 Rxe8 33.
Nxe8 Bc6 34. Nf6 Nc4 35. Ng4+ Kg7 36. b3 Nd2 37. Bc8 h5 38. e6 hxg4 39. Bd7
Nf3+ 40. Kf2 Ne5 41. Bc8 a5 42. Ke3 Kf6 43. Kd4 g5 44. Kc5 Ke7 45. a3 Be8 46.
Kb6 a4 47. b4 Nc4+ 0-1

[Event "BEM2013 der Damen"]
[Site "Westerndorf St. Peter / Rosen"]
[Date "2013.08.26"]
[Round "2.2"]
[White "Zwetz, Anita"]
[Black "Hastreiter, Laura"]
[Result "1-0"]
[WhiteElo "1890"]
[BlackElo "1752"]
[PlyCount "65"]
[EventDate "2013.??.??"]
[WhiteTeam "TSV Kareth-Lappersdorf"]
[BlackTeam "SG Vogtareuth-Prutting"]

1. d4 e6 2. Nf3 d5 3. Bg5 Be7 4. Bxe7 Qxe7 5. c3 Nf6 6. Nbd2 O-O 7. e3 Nbd7 8.
Bd3 c5 9. Bc2 b5 10. O-O Bb7 11. Re1 Rac8 12. e4 dxe4 13. Nxe4 Nxe4 14. Bxe4
Nf6 15. Bxb7 Qxb7 16. Qe2 b4 17. c4 cxd4 18. Nxd4 Rfd8 19. Nf3 b3 20. Nd2 bxa2
21. Rxa2 Qb4 22. b3 Rd7 23. Rb2 Rcd8 24. Nf3 Rd3 25. Reb1 h6 26. h3 Ne8 27. Ne5
R3d6 28. Qf3 Nf6 29. Nc6 Rxc6 30. Qxc6 Rd2 31. Rxd2 Qxd2 32. Qa8+ Kh7 33. Qxa7
1-0

[Event "BEM2013 der Damen"]
[Site "Westerndorf St. Peter / Rosen"]
[Date "2013.08.26"]
[Round "2.3"]
[White "Nieberle, Cornelia"]
[Black "Lorenz, Oda"]
[Result "1/2-1/2"]
[WhiteElo "1726"]
[BlackElo "1872"]
[PlyCount "112"]
[EventDate "2013.??.??"]
[WhiteTeam "SK Bobingen"]
[BlackTeam "Schachges. Augsburg 1873"]

1. d4 Nf6 2. e3 g6 3. Bd3 Bg7 4. Nf3 d6 5. c4 c5 6. d5 Nbd7 7. Nc3 Ng4 8. O-O
O-O 9. h3 Nge5 10. Nxe5 Nxe5 11. e4 a6 12. Re1 h6 13. f4 Nxd3 14. Qxd3 Bd4+ 15.
Be3 e5 16. dxe6 fxe6 17. Bxd4 cxd4 18. Qxd4 Rxf4 19. Rad1 Qh4 20. Rf1 e5 21.
Qxd6 Qg3 22. Qd8+ Kf7 23. Rxf4+ exf4 24. Qc7+ Kf6 25. Qd8+ Kf7 26. Qc7+ Kf6 27.
Nd5+ Kg5 28. Qe5+ Kh4 29. Qxf4+ Qxf4 30. Nxf4 g5 31. Nd5 b5 32. Nb6 Rb8 33.
Nxc8 Rxc8 34. Rd6 Rxc4 35. Kf2 h5 36. Ke3 Rc2 37. Rd2 Rc5 38. b3 Kg3 39. Rd5
Rc2 40. Rxg5+ Kh4 41. Rg6 Rxa2 42. e5 Rb2 43. e6 Rxb3+ 44. Kd4 Rb1 45. e7 Re1
46. Rg7 a5 47. Kc5 b4 48. Kd6 b3 49. Rg8 a4 50. Rb8 Kg3 51. Rb4 Kxg2 52. h4 Kh3
53. Rxa4 b2 54. Rb4 Rd1+ 55. Kc5 Re1 56. Kd6 Rd1+ 1/2-1/2

[Event "BEM2013 der Damen"]
[Site "Westerndorf St. Peter / Rosen"]
[Date "2013.08.26"]
[Round "2.4"]
[White "Zabarska, Natalia"]
[Black "Gremer, Kathrin"]
[Result "1-0"]
[WhiteElo "1836"]
[BlackElo "1781"]
[PlyCount "43"]
[EventDate "2013.??.??"]
[WhiteTeam "Spvg Zabo-Eintracht Nürnberg e.V"]
[BlackTeam "SC Steinwiesen"]

1. e4 e5 2. f4 Nc6 3. Nf3 exf4 4. Bc4 d6 5. d4 g5 6. h4 g4 7. Ng5 Nh6 8. Bxf4
Qe7 9. O-O f6 10. Nc3 Na5 11. Nd5 Qg7 12. e5 Nxc4 13. exf6 Qg6 14. Nxc7+ Kd8
15. Nxa8 Nf5 16. Qe2 Na5 17. Qb5 Nc6 18. d5 Ncd4 19. Qa5+ b6 20. Qxa7 Ne2+ 21.
Kh2 g3+ 22. Kh1 1-0

[Event "BEM2013 der Damen"]
[Site "Westerndorf St. Peter / Rosen"]
[Date "2013.08.26"]
[Round "2.5"]
[White "Müller, Liliane"]
[Black "Weiß, Monika"]
[Result "1-0"]
[WhiteElo "1661"]
[BlackElo "1661"]
[PlyCount "43"]
[EventDate "2013.??.??"]
[WhiteTeam "1.Schachklub Neuperlach e.V."]
[BlackTeam "SC Bavaria Regensb.1881"]

1. d4 d6 2. e4 Nf6 3. Bd3 g6 4. c4 Bg7 5. Nc3 O-O 6. h3 c6 7. Be3 Nbd7 8. Nf3
Qc7 9. O-O e5 10. d5 Nc5 11. b4 Nxd3 12. Qxd3 a6 13. Rac1 Bd7 14. c5 cxd5 15.
cxd6 Qxd6 16. Bc5 Qe6 17. Bxf8 dxe4 18. Nxe4 Nxe4 19. Qxe4 Bc6 20. Rxc6 bxc6
21. Bxg7 Kxg7 22. Qxe5+ 1-0

[Event "BEM2013 der Damen"]
[Site "Westerndorf St. Peter / Rosen"]
[Date "2013.08.26"]
[Round "2.6"]
[White "Stegmaier, Erika"]
[Black "Milak, Adela"]
[Result "1-0"]
[WhiteElo "1529"]
[BlackElo "1666"]
[PlyCount "69"]
[EventDate "2013.??.??"]
[WhiteTeam "1.Schachklub Neuperlach e.V."]
[BlackTeam "SC Haar 1931"]

1. c4 Nf6 2. g3 d5 3. cxd5 Qxd5 4. Nf3 Nc6 5. Nc3 Qd6 6. Bg2 e6 7. e3 b6 8. d4
Bb7 9. O-O Be7 10. e4 Qd7 11. Re1 O-O 12. a3 a5 13. Bg5 h6 14. Bxf6 Bxf6 15. e5
Be7 16. Re3 Na7 17. a4 c6 18. Nd2 c5 19. Bxb7 Qxb7 20. dxc5 Bxc5 21. Rd3 Rad8
22. Nde4 Be7 23. Rxd8 Rxd8 24. Nd6 Qb8 25. Nce4 Nc8 26. Rc1 f5 27. exf6 Bxd6
28. fxg7 Kxg7 29. Qg4+ Kh7 30. Qxe6 Be5 31. Qf7+ Bg7 32. Rc7 Ne7 33. Rxe7 Rg8
34. Nf6+ Kh8 35. Nxg8 1-0

[Event "BEM2013 der Damen"]
[Site "Westerndorf St. Peter / Rosen"]
[Date "2013.08.26"]
[Round "2.7"]
[White "Billing, Kerstin"]
[Black "Homfeldt, Maren"]
[Result "1/2-1/2"]
[WhiteElo "1714"]
[BlackElo "951"]
[PlyCount "40"]
[EventDate "2013.??.??"]
[WhiteTeam "SC Schwabmünchen"]
[BlackTeam "SC Noris-Tarrasch Nürnberg 1873"]

1. e4 g6 2. d4 Bg7 3. Nc3 a6 4. Be3 b6 5. Qd2 Bb7 6. Be2 d6 7. a3 Nd7 8. Bf3 e6
9. Nge2 Ne7 10. Bh6 Bxh6 11. Qxh6 Nc6 12. O-O Qf6 13. Qe3 O-O-O 14. b4 h6 15.
b5 Ncb8 16. a4 e5 17. Rfd1 exd4 18. Rxd4 Ne5 19. Nf4 Nxf3+ 20. Qxf3 Qxd4
1/2-1/2

[Event "BEM2013 der Damen"]
[Site "Westerndorf St. Peter / Rosen"]
[Date "2013.08.26"]
[Round "2.8"]
[White "Rascher, Helena"]
[Black "Homfeldt, Claudia Laura"]
[Result "1/2-1/2"]
[WhiteElo "1257"]
[BlackElo "1434"]
[PlyCount "42"]
[EventDate "2013.??.??"]
[WhiteTeam "ASV Martinszell Abteilung Schach"]
[BlackTeam "SC Noris-Tarrasch Nürnberg 1873"]

1. e4 d5 2. exd5 Qxd5 3. Nc3 Qa5 4. Be2 Nf6 5. Nf3 e5 6. d3 c6 7. O-O Qc7 8.
Ne4 Ng4 9. h3 Nh6 10. Bxh6 gxh6 11. Nf6+ Kd8 12. Qd2 Bg7 13. Ne4 Rg8 14. Kh1 c5
15. Nh2 Nc6 16. c3 b6 17. Bg4 f5 18. Nf6 Bxf6 19. Qxh6 Bg5 20. Qh5 fxg4 21.
Nxg4 Bf5 1/2-1/2

[Event "BEM2013 der Damen"]
[Site "Westerndorf St. Peter / Rosen"]
[Date "2013.08.26"]
[Round "3.1"]
[White "Horstmann, Astrid"]
[Black "Zwetz, Anita"]
[Result "0-1"]
[WhiteElo "1949"]
[BlackElo "1890"]
[PlyCount "72"]
[EventDate "2013.??.??"]
[WhiteTeam "SC Bechhofen 1923 e.V."]
[BlackTeam "TSV Kareth-Lappersdorf"]

1. d4 d5 2. Nf3 Nf6 3. e3 c6 4. c4 e6 5. b3 Nbd7 6. Be2 Bb4+ 7. Bd2 Qe7 8. Bxb4
Qxb4+ 9. Qd2 Qe7 10. Qb2 Ne4 11. a3 O-O 12. O-O f5 13. Nc3 Rf6 14. Bd3 Rg6 15.
Bxe4 fxe4 16. Ne1 Qg5 17. Qe2 e5 18. f3 exd4 19. exd4 Nf6 20. fxe4 Bh3 21. e5
Nh5 22. Qf3 Be6 23. cxd5 cxd5 24. Ra2 h6 25. Raf2 Rd8 26. Nd3 Bg4 27. Qf7+ Kh7
28. Qc7 Rd7 29. Qb8 Qe3 30. Nc5 Rf7 31. Nxd5 Qxd4 32. e6 Bxe6 33. Nxe6 Rxe6 34.
Ne3 Qxe3 35. g3 Ref6 36. Qc8 Rxf2 0-1

[Event "BEM2013 der Damen"]
[Site "Westerndorf St. Peter / Rosen"]
[Date "2013.08.26"]
[Round "3.2"]
[White "Müller, Liliane"]
[Black "Zabarska, Natalia"]
[Result "1-0"]
[WhiteElo "1661"]
[BlackElo "1836"]
[PlyCount "105"]
[EventDate "2013.??.??"]
[WhiteTeam "1.Schachklub Neuperlach e.V."]
[BlackTeam "Spvg Zabo-Eintracht Nürnberg e.V"]

1. d4 f5 2. c4 e6 3. Nf3 Nf6 4. Nc3 d5 5. Bf4 c6 6. e3 Bd6 7. Ne5 O-O 8. Be2
Ne4 9. h4 Bb4 10. Rc1 Nd7 11. Nxd7 Bxd7 12. f3 Nxc3 13. bxc3 Be7 14. g3 Qe8 15.
cxd5 exd5 16. Qb3 b5 17. h5 g5 18. hxg6 Qxg6 19. Kf2 h5 20. Rh2 Be8 21. Rg1 Rf7
22. g4 fxg4 23. fxg4 h4 24. g5 Bd7 25. Qd1 Rh7 26. Bd3 Bf5 27. Bxf5 Qxf5 28.
Ke1 b4 29. g6 Rg7 30. Qc2 Qe6 31. Bh6 Bd6 32. Rxh4 Rb7 33. g7 bxc3 34. Bf4 Qe4
35. Rh8+ Kf7 36. Qxe4 dxe4 37. Bxd6 Rb1+ 38. Kf2 Rxg1 39. Kxg1 Rg8 40. Rxg8
Kxg8 41. Kf2 Kxg7 42. Ke2 Kf7 43. Bb4 Ke6 44. Bxc3 Kd5 45. Bb4 Kc4 46. Bc5 a6
47. Kd2 Kb5 48. Kc3 Ka4 49. Bd6 Kb5 50. Kb3 Ka5 51. Kc4 Kb6 52. a4 Kb7 53. Kc5
1-0

[Event "BEM2013 der Damen"]
[Site "Westerndorf St. Peter / Rosen"]
[Date "2013.08.26"]
[Round "3.3"]
[White "Stegmaier, Erika"]
[Black "Nieberle, Cornelia"]
[Result "0-1"]
[WhiteElo "1529"]
[BlackElo "1726"]
[PlyCount "114"]
[EventDate "2013.??.??"]
[WhiteTeam "1.Schachklub Neuperlach e.V."]
[BlackTeam "SK Bobingen"]

1. c4 e5 2. g3 Nc6 3. Bg2 d6 4. e3 Be6 5. d3 d5 6. cxd5 Bxd5 7. Nf3 Nf6 8. O-O
Be7 9. Nc3 Be6 10. a3 h6 11. b4 a6 12. Bb2 Qd7 13. Rc1 Bh3 14. Na4 Bxg2 15.
Kxg2 Bd6 16. Nc5 Qc8 17. e4 O-O 18. Nh4 Bxc5 19. Rxc5 Qe6 20. Nf5 Rfd8 21. Qe2
Nd7 22. Rc3 Nf6 23. Rfc1 Rd7 24. Rc5 Rad8 25. R5c3 g6 26. Ne3 Nd4 27. Qd1 c6
28. Nc4 Nb5 29. Rb3 Nd4 30. Rbc3 Ne8 31. a4 Nd6 32. Nxd6 Rxd6 33. h3 Kg7 34.
Qf1 Qa2 35. Ba1 Qxa4 36. Rc4 Qa2 37. Bxd4 Rxd4 38. Rxd4 Rxd4 39. Ra1 Qb3 40.
Rd1 Qxb4 41. Rb1 Qe7 42. Rb3 Rb4 43. Rc3 a5 44. Qa1 Qc7 45. Rc5 Rb5 46. Rc4 c5
47. Qc1 b6 48. Qa1 Qd6 49. f4 f6 50. fxe5 fxe5 51. Rc2 Qd4 52. Qf1 Rb2 53. Rxb2
Qxb2+ 54. Kh1 a4 55. Qd1 b5 56. Qg4 Qb1+ 57. Kh2 Qxd3 0-1

[Event "BEM2013 der Damen"]
[Site "Westerndorf St. Peter / Rosen"]
[Date "2013.08.26"]
[Round "3.4"]
[White "Lorenz, Oda"]
[Black "Roos, Karin"]
[Result "0-1"]
[WhiteElo "1872"]
[BlackElo "1775"]
[PlyCount "65"]
[EventDate "2013.??.??"]
[WhiteTeam "Schachges. Augsburg 1873"]
[BlackTeam "FC Bayern München e.V."]

1. e4 g6 2. d4 Bg7 3. Nc3 d6 4. Be2 Nf6 5. g4 b6 6. g5 Nfd7 7. Be3 e5 8. h4 Bb7
9. dxe5 dxe5 10. Qd2 Nc6 11. O-O-O Nd4 12. Bg4 f5 13. gxf6 Nxf6 14. f3 Nxg4 15.
fxg4 Qd7 16. Bxd4 exd4 17. Qf4 O-O-O 18. Kb1 Rhf8 19. Qc1 Qxg4 20. Nb5 a6 21.
Na3 Bxe4 22. Rh2 Be5 23. Re2 Qf5 24. Nc4 Bf4 25. Nd2 d3 26. Rxe4 Bxd2 27. Rxd2
dxc2+ 28. Rxc2 Qxe4 29. Ne2 Qd3 30. Qh1 Qd1+ 31. Qxd1 Rxd1+ 32. Rc1 Rxc1+ 33.
Kxc1 0-1

[Event "BEM2013 der Damen"]
[Site "Westerndorf St. Peter / Rosen"]
[Date "2013.08.26"]
[Round "3.5"]
[White "Hastreiter, Laura"]
[Black "Gremer, Kathrin"]
[Result "1-0"]
[WhiteElo "1752"]
[BlackElo "1781"]
[PlyCount "77"]
[EventDate "2013.??.??"]
[WhiteTeam "SG Vogtareuth-Prutting"]
[BlackTeam "SC Steinwiesen"]

1. e4 e5 2. Nf3 Nc6 3. Nc3 Nf6 4. Bc4 Bc5 5. d3 h6 6. h3 d6 7. O-O O-O 8. Na4
Bb6 9. Nxb6 axb6 10. a3 Bd7 11. Be3 Qc8 12. Nh2 Ne7 13. f4 exf4 14. Rxf4 Ng6
15. Rf2 Re8 16. Bxh6 Bxh3 17. gxh3 Qxh3 18. Bg5 Re5 19. Bxf6 gxf6 20. Qf3 Rg5+
21. Rg2 Rxg2+ 22. Qxg2 Qh6 23. Rf1 Ra5 24. Ng4 Qh4 25. Nxf6+ Kh8 26. Qh2 Rg5+
27. Kh1 Qxh2+ 28. Kxh2 Nh4 29. Kh3 Ng6 30. Bxf7 Ne5 31. Be6 Rg6 32. Bc8 Rh6+
33. Kg3 Rg6+ 34. Ng4 b5 35. Rf6 Rg7 36. Rf8+ Rg8 37. Rxg8+ Kxg8 38. Nxe5 dxe5
39. Bxb7 1-0

[Event "BEM2013 der Damen"]
[Site "Westerndorf St. Peter / Rosen"]
[Date "2013.08.26"]
[Round "3.6"]
[White "Homfeldt, Claudia Laura"]
[Black "Billing, Kerstin"]
[Result "0-1"]
[WhiteElo "1434"]
[BlackElo "1714"]
[PlyCount "78"]
[EventDate "2013.??.??"]
[WhiteTeam "SC Noris-Tarrasch Nürnberg 1873"]
[BlackTeam "SC Schwabmünchen"]

1. e4 e5 2. Nf3 Nc6 3. Bc4 d6 4. h3 Be6 5. Bxe6 fxe6 6. Nc3 Be7 7. d4 exd4 8.
Nxd4 Qd7 9. O-O Ne5 10. Bf4 Ng6 11. Be3 Nf6 12. Nf3 O-O 13. a4 a6 14. Qe2 e5
15. b4 Nf4 16. Qc4+ Kh8 17. Bxf4 exf4 18. e5 d5 19. Nxd5 Nxd5 20. Rfd1 c6 21.
Ra2 Qf5 22. b5 axb5 23. axb5 Rxa2 24. Qxa2 Nc3 25. Nd4 Nxa2 26. Nxf5 Rxf5 27.
Rd7 Bf8 28. e6 Re5 29. Rd8 Kg8 30. bxc6 bxc6 31. Ra8 Nc3 32. Re8 Nd5 33. Rc8
Ne7 34. Ra8 Rxe6 35. Kf1 Nd5 36. c4 Nb6 37. Rd8 Rd6 38. Re8 Nxc4 39. Re2 Rd1+
0-1

[Event "BEM2013 der Damen"]
[Site "Westerndorf St. Peter / Rosen"]
[Date "2013.08.26"]
[Round "3.7"]
[White "Weiß, Monika"]
[Black "Rascher, Helena"]
[Result "1-0"]
[WhiteElo "1661"]
[BlackElo "1257"]
[PlyCount "23"]
[EventDate "2013.??.??"]
[WhiteTeam "SC Bavaria Regensb.1881"]
[BlackTeam "ASV Martinszell Abteilung Schach"]

1. e4 c5 2. c3 d5 3. e5 e6 4. d4 cxd4 5. cxd4 Bb4+ 6. Nc3 Nc6 7. a3 Bxc3+ 8.
bxc3 Qh4 9. Nf3 Qe4+ 10. Be2 Nge7 11. O-O f5 12. h3 1-0

[Event "BEM2013 der Damen"]
[Site "Westerndorf St. Peter / Rosen"]
[Date "2013.08.26"]
[Round "3.8"]
[White "Homfeldt, Maren"]
[Black "Milak, Adela"]
[Result "0-1"]
[WhiteElo "951"]
[BlackElo "1666"]
[PlyCount "48"]
[EventDate "2013.??.??"]
[WhiteTeam "SC Noris-Tarrasch Nürnberg 1873"]
[BlackTeam "SC Haar 1931"]

1. g3 e5 2. Bg2 Nc6 3. a3 Nf6 4. h3 d5 5. e3 Bd6 6. Ne2 O-O 7. d3 Be6 8. Nd2 a6
9. b3 Qd7 10. Bb2 h6 11. Nf3 Rac8 12. Qd2 Rfe8 13. O-O-O Qe7 14. b4 b5 15. e4
d4 16. Kb1 a5 17. Nc1 axb4 18. a4 bxa4 19. Ne1 b3 20. c4 a3 21. Nxb3 axb2 22.
Qxb2 Bb4 23. Nc5 Qxc5 24. Nc2 Rb8 0-1

[Event "BEM2013 der Damen"]
[Site "Westerndorf St. Peter / Rosen"]
[Date "2013.08.27"]
[Round "4.1"]
[White "Zwetz, Anita"]
[Black "Müller, Liliane"]
[Result "1-0"]
[WhiteElo "1890"]
[BlackElo "1661"]
[PlyCount "60"]
[EventDate "2013.??.??"]
[WhiteTeam "TSV Kareth-Lappersdorf"]
[BlackTeam "1.Schachklub Neuperlach e.V."]

1. d4 e6 2. Nf3 d5 3. Bg5 Nf6 4. e3 Be7 5. Bd3 O-O 6. Nbd2 c5 7. c3 c4 8. Bc2
a6 9. O-O Nc6 10. e4 dxe4 11. Bxf6 Bxf6 12. Bxe4 Na5 13. Qe2 Qc7 14. Ne5 Rb8
15. Nexc4 Nxc4 16. Nxc4 b5 17. Ne3 Bb7 18. Bxb7 Qxb7 19. Ng4 Be7 20. a3 Rfd8
21. f4 Rbc8 22. f5 exf5 23. Rxf5 Rf8 24. Raf1 Qc7 25. Rh5 g6 26. Nh6+ Kg7 27.
Qg4 f6 28. Nf5+ Kh8 29. Qxg6 Bd8 30. Qh6 Qf4 1-0

[Event "BEM2013 der Damen"]
[Site "Westerndorf St. Peter / Rosen"]
[Date "2013.08.27"]
[Round "4.2"]
[White "Nieberle, Cornelia"]
[Black "Horstmann, Astrid"]
[Result "0-1"]
[WhiteElo "1726"]
[BlackElo "1949"]
[PlyCount "50"]
[EventDate "2013.??.??"]
[WhiteTeam "SK Bobingen"]
[BlackTeam "SC Bechhofen 1923 e.V."]

1. d4 d5 2. e3 Nf6 3. Bd3 e6 4. Nf3 c5 5. b3 Nc6 6. Bb2 Bd6 7. O-O O-O 8. Ne5
Qc7 9. f4 cxd4 10. exd4 Nb4 11. c4 Nxd3 12. Qxd3 dxc4 13. Qxc4 Qe7 14. Nd2 a6
15. Qd3 b5 16. Ne4 Nxe4 17. Qxe4 Bb7 18. Qe3 Rac8 19. Rac1 Ba8 20. Rxc8 Rxc8
21. Rc1 Rxc1+ 22. Qxc1 Qb7 23. Qc2 f6 24. Nd3 Qe4 25. Ne1 Qxe1# 0-1